Clark's Procedures in Diagnostic Imaging : (Record no. 595535)
[ view plain ]
| 000 -LEADER | |
|---|---|
| fixed length control field | 00425nam a22001337a 4500 |
| 020 ## - INTERNATIONAL STANDARD BOOK NUMBER | |
| International Standard Book Number | 9781444137224 |
| 082 ## - DEWEY DECIMAL CLASSIFICATION NUMBER | |
| Classification number | 616.0754 |
| Author Mark | WHI |
| 100 ## - MAIN ENTRY--PERSONAL NAME | |
| Personal name | Whitley, A. Stewart |
| 9 (RLIN) | 114142 |
| 245 ## - TITLE STATEMENT | |
| Title | Clark's Procedures in Diagnostic Imaging : |
| Remainder of title | a systems-based approach / |
| Statement of responsibility, etc. | Whitley, A. Stewart |
| 260 ## - PUBLICATION, DISTRIBUTION, ETC. | |
| Place of publication, distribution, etc. | Boca Raton : |
| Name of publisher, distributor, etc. | CRC Press Taylor & Francis Group, |
| Date of publication, distribution, etc. | 2020. |
| 300 ## - PHYSICAL DESCRIPTION | |
| Extent | 748 p. ; |
| Other physical details | ill, |
| Dimensions | 28 cm. |
| 563 ## - BINDING INFORMATION | |
| Binding note | PBK. |
| 942 ## - ADDED ENTRY ELEMENTS (KOHA) | |
| Source of classification or shelving scheme | |
| Koha item type | Book |
| Withdrawn status | Lost status | Source of classification or shelving scheme | Damaged status | Not for loan | Permanent Location | Current Location | Shelving location | Date acquired | Source of acquisition | Cost, normal purchase price | Full call number | Barcode | Date last seen | Copy number | Cost, replacement price | Price effective from | Koha item type | Total Checkouts | Checked out | Date last checked out |
|---|---|---|---|---|---|---|---|---|---|---|---|---|---|---|---|---|---|---|---|---|
| NUST School of Health Sciences (NSHS) | NUST School of Health Sciences (NSHS) | General Stacks | 08/16/2023 | Prince Books | 9250.00 | 616.0754 WHI | NSHS-1555 | 08/16/2023 | c.1 | 18500.00 | 08/16/2023 | Book | ||||||||
| NUST School of Health Sciences (NSHS) | NUST School of Health Sciences (NSHS) | General Stacks | 08/16/2023 | Prince Books | 9250.00 | 616.0754 WHI | NSHS-1556 | 07/01/2025 | c.2 | 18500.00 | 08/16/2023 | Book | 1 | 10/29/2025 | 07/01/2025 |
